| 000 | 00721pam a2200265 a 4500 | ||
|---|---|---|---|
| 001 | 9569 | ||
| 003 | BD-RjUL | ||
| 005 | 20211208234811.0 | ||
| 008 | 140120s1982 maua 001 0 eng | ||
| 020 | _a0871507501 | ||
| 035 | _a(BD-RjUL)9614 | ||
| 040 |
_aDLC _cDLC _dDLC _dBD-RjUL _beng |
||
| 041 | _aeng | ||
| 082 | 0 | 0 |
_a540 _219 _bMAG 1982 |
| 100 | 1 |
_aManahan, Stanley E. _928006 |
|
| 245 | 1 | 0 |
_aGeneral applied chemistry / _cStanley E. Manahan. |
| 250 | _a2nd ed. | ||
| 260 |
_aBoston, Mass. : _bW. Grant Press, _cc1982. |
||
| 300 |
_axvi, 625, A1-A14 p. : _bill. ; _c25 cm. |
||
| 504 | _aIncludes index. | ||
| 650 | 0 |
_aChemistry. _929649 |
|
| 942 |
_2ddc _cBK |
||
| 999 |
_c9569 _d9569 |
||